000 00514nam a22001937a 4500
003 OSt
005 20170412124729.0
008 170412b xxu||||| |||| 00| 0 eng d
020 _a0521367301
040 _cDDC
082 _a530.44GUR 2005
100 _aGurnet,D.A;Bhattacharjee,A;
_912098
245 _aIntroduction to Plasma Physics.
260 _aCambridge;Cambridge University press,2005;
300 _ax,452p;
_bill:
_c26cm.
504 _aincludes index
650 _aPhysics.
_9809
942 _2ddc
_cO_SHELF
999 _c5828
_d5828